Public administration in India :Higher civil service (Record no. 1302705)

MARC details
000 -LEADER
fixed length control field 00562nam a2200205Ia 4500
005 - DATE AND TIME OF LATEST TRANSACTION
control field 20250326144201.0
008 - FIXED-LENGTH DATA ELEMENTS--GENERAL INFORMATION
fixed length control field 250326s9999 xx 000 0 und d
020 ## - INTERNATIONAL STANDARD BOOK NUMBER
International Standard Book Number 0-19-568376-5
037 ## - SOURCE OF ACQUISITION
Stock number Textbook
040 ## - CATALOGING SOURCE
Original cataloging agency FMSL
Language of cataloging eng
Transcribing agency FMSL
041 ## - LANGUAGE CODE
Language code of text/sound track or separate title eng
Source of code eng
084 ## - COLON CLASSIFICATION NUMBER
Classification number V28 P5
Assigning agency FMSL
100 ## - MAIN ENTRY--PERSONAL NAME
Personal name Maheshwari S.r
245 #0 - TITLE STATEMENT
Title Public administration in India :Higher civil service
Statement of responsibility, etc. Maheshwari S.r
260 ## - PUBLICATION, DISTRIBUTION, ETC.
Place of publication, distribution, etc. NY
Name of publisher, distributor, etc. NY, Oxford University
Date of publication, distribution, etc. 2006
300 ## - PHYSICAL DESCRIPTION
Extent viii,287
365 ## - TRADE PRICE
Price amount 250
942 ## - ADDED ENTRY ELEMENTS (KOHA)
Koha item type Textbook
Classification part V28 P5
Holdings
Withdrawn status Lost status Damaged status Not for loan Home library Current library Date acquired Source of acquisition Cost, normal purchase price Total Checkouts Full call number Barcode Date last seen Price effective from Koha item type
        Faculty of Management Library Faculty of Management Library 2025-03-26 Index International 250.00   V28 P5 ML1351930 2025-03-26 2025-03-26 Textbook
Copyright @ Delhi University Library System